[Event "Santa Clara 1000 GM Schev4 03"]
[Site "Santa Clara"]
[Date "2024.03.10"]
[Round "4.2"]
[White "Vittorino, Carlo Giovanni"]
[Black "Karthi, Jashith"]
[Result "1/2-1/2"]
[WhiteElo "2226"]
[BlackElo "2039"]
[PlyCount "47"]
[EventDate "2024.03.06"]
[EventType "schev"]
[EventRounds "5"]
[EventCountry "USA"]
[SourceTitle "CB13_2024"]
[SourceDate "2024.03.27"]
[SourceVersion "1"]
[SourceVersionDate "2024.03.27"]
[SourceQuality "1"]

1. e4 e5 2. a3 Nf6 3. Nc3 Nc6 4. Nf3 d5 5. exd5 Nxd5 6. Bb5 Nxc3 7. bxc3 Bd6 8. d4 exd4 9. cxd4 0-0 10. 0-0 Bg4 11. c3 Ne7 12. h3 Bh5 13. Bg5 c6 14. Bd3 Qc7 15. Bxe7 Bxe7 16. Re1 Bf6 17. Re3 Bg6 18. Bxg6 hxg6 19. Qb3 Rad8 20. Rae1 Qd7 21. Re4 b5 22. Ne5 Bxe5 23. Rxe5 Rfe8 24. Qb4 1/2-1/2

[Event "Titled Tuesday intern op 24th May Early"]
[Site "Chess.com INT"]
[Date "2022.05.24"]
[Round "3"]
[White "Kruckenhauser, Arthur"]
[Black "Vittorino, Carlo Giovanni"]
[Result "1-0"]
[WhiteElo "2307"]
[BlackElo "2226"]
[PlyCount "49"]
[EventDate "2022.05.24"]
[EventType "swiss (blitz)"]
[EventRounds "11"]
[EventCountry "USA"]
[SourceTitle "EXT 2023"]
[Source "ChessBase"]
[SourceDate "2022.10.05"]
[SourceVersion "1"]
[SourceVersionDate "2022.10.05"]
[SourceQuality "1"]

1. e4 c5 2. Nf3 d6 3. d4 cxd4 4. Nxd4 Nf6 5. Nc3 g6 6. h4 Nc6 7. Bg5 Bg7 8. Nxc6 bxc6 9. Be2 h6 10. Be3 Qa5 11. Qd2 Rb8 12. Rb1 Rxb2 13. Rxb2 Nxe4 14. Nxe4 Qxd2+ 15. Kxd2 Bxb2 16. Rb1 Bg7 17. Bxa7 0-0 18. Rb8 f5 19. Nc3 Kf7 20. a4 d5 21. a5 d4 22. Bc4+ e6 23. Na4 Be5 24. Ra8 Bf4+ 25. Ke1 1-0

[Event "Titled Tuesday intern op 24th May Early"]
[Site "Chess.com INT"]
[Date "2022.05.24"]
[Round "5"]
[White "Vittorino, Carlo Giovanni"]
[Black "Agasarov, Benik"]
[Result "0-1"]
[WhiteElo "2226"]
[BlackElo "2249"]
[PlyCount "126"]
[EventDate "2022.05.24"]
[EventType "swiss (blitz)"]
[EventRounds "11"]
[EventCountry "USA"]
[SourceTitle "EXT 2023"]
[Source "ChessBase"]
[SourceDate "2022.10.05"]
[SourceVersion "1"]
[SourceVersionDate "2022.10.05"]
[SourceQuality "1"]

1. d4 Nf6 2. c4 e6 3. Nc3 Bb4 4. Nf3 d5 5. a3 Bxc3+ 6. bxc3 c5 7. cxd5 exd5 8. e3 0-0 9. Bd3 Nc6 10. 0-0 c4 11. Be2 Ne4 12. Bb2 Bf5 13. Nd2 Re8 14. Nxe4 Bxe4 15. f3 Bg6 16. Bc1 Ne7 17. e4 b5 18. e5 Qd7 19. g4 h5 20. h3 a5 21. Bd2 Ra6 22. f4 Be4 23. f5 hxg4 24. hxg4 Nxf5 25. gxf5 Bxf5 26. Bf3 Rg6+ 27. Kf2 Qe7 28. Rh1 Qa7 29. Be3 Qd7 30. Qd2 Bg4 31. Rag1 Bxf3 32. Kxf3 Qf5+ 33. Ke2 f6 34. Bf4 Qe4+ 35. Kd1 Qb1+ 36. Qc1 Qd3+ 37. Qd2 Qf3+ 38. Kc2 Rxg1 39. Rxg1 Qe4+ 40. Kb2 b4 41. exf6 bxc3+ 42. Kxc3 Qf3+ 43. Kc2 Qb3+ 44. Kc1 Qxa3+ 45. Qb2 Qxb2+ 46. Kxb2 Re2+ 47. Kc3 g6 48. Rxg6+ Kf7 49. Rh6 a4 50. Be5 Rf2 51. Rh7+ Ke6 52. Re7+ Kf5 53. f7 Kg6 54. Rd7 a3 55. Rxd5 a2 56. Ra5 Kxf7 57. Kxc4 Ke6 58. Ra6+ Kf5 59. Kd5 Rb2 60. Rf6+ Kg5 61. Ra6 Kf5 62. Kc4 Ke4 63. Bh8 Rb8 0-1

[Event "COL-ch sf"]
[Site "Medellin"]
[Date "2020.11.14"]
[Round "5"]
[White "Toro Castaneda, Miguel Angel"]
[Black "Vittorino, Carlo Giovanni"]
[Result "1/2-1/2"]
[WhiteElo "1988"]
[BlackElo "2242"]
[PlyCount "36"]
[EventDate "2020.11.12"]
[EventType "swiss"]
[EventRounds "8"]
[EventCountry "COL"]
[SourceTitle "CBM 199 Extra"]
[Source "ChessBase"]
[SourceDate "2021.01.31"]
[SourceVersion "1"]
[SourceVersionDate "2021.01.31"]
[SourceQuality "1"]

1. e4 c5 2. Nf3 d6 3. d3 Nc6 4. g3 g6 5. Bg2 Bg7 6. 0-0 Nf6 7. Nbd2 0-0 8. c3 Rb8 9. a4 a6 10. d4 cxd4 11. Nxd4 Bd7 12. N2b3 Qc7 13. Nxc6 Bxc6 14. Re1 b5 15. Nd4 Bd7 16. axb5 Bxb5 17. Nxb5 axb5 18. Be3 Rfc8 1/2-1/2

[Event "Sabadell Diada blitz op 16th"]
[Site "Sabadell"]
[Date "2019.09.11"]
[Round "9"]
[White "Movsziszian, Karen"]
[Black "Vittorino, Carlo Giovanni"]
[Result "1-0"]
[WhiteElo "2531"]
[BlackElo "2304"]
[PlyCount "107"]
[EventDate "2019.09.11"]
[EventType "swiss (blitz)"]
[EventRounds "9"]
[EventCountry "ESP"]
[SourceTitle "EXT 2020"]
[Source "ChessBase"]
[SourceDate "2019.10.17"]
[SourceVersion "1"]
[SourceVersionDate "2019.10.17"]
[SourceQuality "1"]

1. g3 e5 2. Bg2 Nf6 3. c4 c6 4. Nf3 d6 5. Nc3 Nbd7 6. 0-0 g6 7. d3 Bg7 8. Rb1 a5 9. a3 0-0 10. b4 axb4 11. axb4 Re8 12. b5 Nc5 13. Bg5 h6 14. Bxf6 Qxf6 15. Nd2 Bd7 16. bxc6 bxc6 17. Rb6 Qd8 18. Rxc6 e4 19. Rxc5 dxc5 20. Ncxe4 Qe7 21. Nb3 Rac8 22. Qd2 Ba4 23. Nbxc5 Rxc5 24. Qb4 Rcc8 25. Qxa4 f5 26. Qa6 fxe4 27. Bxe4 Qf6 28. Qxf6 Bxf6 29. Rc1 Kg7 30. c5 Rc7 31. c6 Re5 32. Kg2 Be7 33. e3 Kf6 34. Kf3 g5 35. g4 Bd6 36. d4 Rb5 37. h3 Rf7 38. Rc2 Re7 39. Bf5 Rxf5+ 40. gxf5 Kxf5 41. Ke2 g4 42. hxg4+ Kxg4 43. f3+ Kg3 44. e4 h5 45. e5 h4 46. Kd3 Bxe5 47. dxe5 Rxe5 48. c7 Re8 49. c8Q Rxc8 50. Rxc8 Kxf3 51. Rh8 Kg3 52. Ke2 h3 53. Kf1 Kh2 54. Rh7 1-0

[Event "Sitges op 45th"]
[Site "Sitges"]
[Date "2019.07.25"]
[Round "4"]
[White "Vittorino, Carlo Giovanni"]
[Black "Harshad, S."]
[Result "1-0"]
[WhiteElo "2252"]
[BlackElo "1932"]
[PlyCount "99"]
[EventDate "2019.07.22"]
[EventType "swiss"]
[EventRounds "9"]
[EventCountry "ESP"]
[SourceTitle "CBM 191 Extra"]
[Source "ChessBase"]
[SourceDate "2019.09.30"]
[SourceVersion "1"]
[SourceVersionDate "2019.09.30"]
[SourceQuality "1"]

1. d4 Nf6 2. c4 e6 3. Nc3 Bb4 4. Qc2 d5 5. cxd5 exd5 6. Bg5 h6 7. Bxf6 Qxf6 8. a3 Bxc3+ 9. Qxc3 0-0 10. e3 c6 11. Nf3 Bf5 12. Be2 Nd7 13. 0-0 Qe7 14. b4 Nf6 15. Nd2 Rac8 16. Rfc1 Nd7 17. a4 b6 18. Qa3 Be6 19. Rc3 Qd6 20. Rcc1 Rfe8 21. Bd3 Nb8 22. Qb2 a6 23. Nf3 b5 24. Ne5 f6 25. Ng6 Bf7 26. Nf4 bxa4 27. Ra3 Rc7 28. Rxa4 Ra7 29. Qc3 Ree7 30. Rca1 Reb7 31. b5 g5 32. bxa6 Rb6 33. Ne2 Be6 34. Nc1 Bc8 35. Nb3 Qc7 36. Nc5 Nd7 37. g3 Rb8 38. Rb4 Rba8 39. Nxd7 Bxd7 40. Qc5 Kf7 41. Rb6 Rb8 42. Rab1 Rxb6 43. Rxb6 g4 44. e4 dxe4 45. Bxe4 Qc8 46. Bxc6 Bxc6 47. Rxc6 Qb8 48. Qh5+ Ke7 49. Qxg4 Qb1+ 50. Kg2 1-0

[Event "Pardubice op rapid 30th"]
[Site "Pardubice"]
[Date "2019.07.19"]
[Round "9"]
[White "Vittorino, Carlo Giovanni"]
[Black "Kusa, Jakub"]
[Result "1-0"]
[WhiteElo "2252"]
[BlackElo "2199"]
[PlyCount "93"]
[EventDate "2019.07.17"]
[EventType "swiss (rapid)"]
[EventRounds "9"]
[EventCountry "CZE"]
[SourceTitle "CBM 191 Extra"]
[Source "ChessBase"]
[SourceDate "2019.09.30"]
[SourceVersion "1"]
[SourceVersionDate "2019.09.30"]
[SourceQuality "1"]

1. b3 g6 2. Bb2 Nf6 3. Bxf6 exf6 4. e3 Bg7 5. d4 b6 6. Be2 Bb7 7. Bf3 Qc8 8. Nd2 d6 9. Bxb7 Qxb7 10. Qf3 Qxf3 11. Ngxf3 Nd7 12. 0-0-0 f5 13. c4 0-0-0 14. Kc2 h6 15. d5 Nc5 16. b4 Ne4 17. Nxe4 fxe4 18. Nd4 Bxd4 19. Rxd4 Rhe8 20. Kc3 Re5 21. Rd2 Rde8 22. Kd4 f6 23. Rc1 Rh5 24. h3 Ree5 25. a4 a6 26. Rdc2 Rhg5 27. g3 h5 28. h4 Rgf5 29. a5 Kb7 30. axb6 cxb6 31. Ra1 b5 32. Ra5 bxc4 33. Kxc4 Re7 34. Rca2 Rc7+ 35. Kd4 g5 36. Rxa6 Rxf2 37. Rxf2 Kxa6 38. Rxf6 gxh4 39. Rxd6+ Kb5 40. gxh4 Rc4+ 41. Ke5 Rc3 42. Kxe4 Rc4+ 43. Ke5 Rxh4 44. e4 Rh1 45. Rh6 h4 46. Kd6 h3 47. e5 1-0

[Event "American Continental 13th"]
[Site "Medellin"]
[Date "2017.06.16"]
[Round "9"]
[White "Vittorino, Carlo Giovanni"]
[Black "Pardo, Alejandro"]
[Result "1-0"]
[WhiteElo "2257"]
[BlackElo "2117"]
[PlyCount "89"]
[EventDate "2017.06.10"]
[EventType "swiss"]
[EventRounds "11"]
[EventCountry "COL"]
[SourceTitle "EXT 2018"]
[Source "ChessBase"]
[SourceDate "2017.10.13"]
[SourceVersion "1"]
[SourceVersionDate "2017.10.13"]
[SourceQuality "1"]

1. d4 Nf6 2. c4 e6 3. Nc3 d5 4. cxd5 exd5 5. Bg5 Be7 6. e3 0-0 7. Qc2 Nbd7 8. Bd3 b6 9. Nf3 Bb7 10. Ne5 h6 11. Bf4 a6 12. 0-0 c5 13. dxc5 Nxc5 14. Bf5 Ncd7 15. Rfd1 Nxe5 16. Bxe5 Nd7 17. Bc7 Qxc7 18. Nxd5 Qxc2 19. Nxe7+ Kh8 20. Bxc2 Nf6 21. Nf5 Rad8 22. Bb3 Bd5 23. Bxd5 Rxd5 24. Rxd5 Nxd5 25. Rc1 Rd8 26. g3 Nf6 27. Nd4 Kg8 28. a3 a5 29. Nf5 Kf8 30. Kf1 h5 31. Ke2 Nd5 32. Rc6 g6 33. Rd6 Rxd6 34. Nxd6 Ke7 35. Nc4 f5 36. f3 g5 37. h4 gxh4 38. gxh4 b5 39. Nxa5 f4 40. e4 Ne3 41. Nc6+ Kf6 42. Nd4 Ke5 43. Nxb5 Ng2 44. a4 Ke6 45. Nd4+ 1-0

[Event "American Continental 13th"]
[Site "Medellin"]
[Date "2017.06.13"]
[Round "6"]
[White "Caceres Vasquez, Sergio"]
[Black "Vittorino, Carlo Giovanni"]
[Result "0-1"]
[WhiteElo "2094"]
[BlackElo "2257"]
[PlyCount "64"]
[EventDate "2017.06.10"]
[EventType "swiss"]
[EventRounds "11"]
[EventCountry "COL"]
[SourceTitle "CBM 178 Extra"]
[Source "ChessBase"]
[SourceDate "2017.06.22"]
[SourceVersion "1"]
[SourceVersionDate "2017.06.22"]
[SourceQuality "1"]

1. d4 Nf6 2. c4 g6 3. Nc3 Bg7 4. e4 d6 5. f4 0-0 6. Nf3 c5 7. d5 b5 8. cxb5 a6 9. a4 Nbd7 10. bxa6 Qa5 11. Bd2 Bxa6 12. Bxa6 Qxa6 13. Qe2 Rfb8 14. Qxa6 Rxa6 15. Bc1 Rb4 16. Nd2 Nh5 17. 0-0 Bd4+ 18. Kh1 Bxc3 19. bxc3 Rbxa4 20. Rxa4 Rxa4 21. g3 Nb6 22. Re1 Nf6 23. Kg2 Ra2 24. Kf3 Rc2 25. c4 Rc3+ 26. Kg2 Nxc4 27. Nxc4 Rxc4 28. Kf3 Nxe4 29. Bb2 f5 30. Re2 Rb4 31. Rc2 Kf7 32. Ba1 Rb1 0-1

[Event "COL pre olympic sf2"]
[Site "Cartagena"]
[Date "2016.05.08"]
[Round "7"]
[White "Vittorino, Carlo Giovanni"]
[Black "Cespedes, Cesar Ivan"]
[Result "1-0"]
[WhiteElo "2267"]
[BlackElo "2093"]
[PlyCount "119"]
[EventDate "2016.05.04"]
[EventType "swiss"]
[EventRounds "9"]
[EventCountry "COL"]
[SourceTitle "CBM 172 Extra"]
[Source "ChessBase"]
[SourceDate "2016.06.21"]
[SourceVersion "1"]
[SourceVersionDate "2016.06.21"]
[SourceQuality "1"]

1. e4 e5 2. Nf3 Nc6 3. Bb5 a6 4. Ba4 Nf6 5. d4 exd4 6. 0-0 Be7 7. Re1 0-0 8. e5 Ne8 9. c3 dxc3 10. Nxc3 f6 11. exf6 Bxf6 12. Qd5+ Kh8 13. Ng5 Bxg5 14. Bxg5 Nf6 15. Qd3 b5 16. Bb3 d6 17. Nd5 Ne5 18. Qg3 c6 19. Nxf6 gxf6 20. Bh6 Rg8 21. Bxg8 Qxg8 22. Qxg8+ Kxg8 23. Re3 Kf7 24. Rg3 Bf5 25. Rg7+ Ke6 26. h3 c5 27. Re1 Kd5 28. Rd1+ Kc6 29. b3 d5 30. f4 Nd7 31. g4 Be4 32. f5 a5 33. Rxh7 a4 34. b4 cxb4 35. Rc1+ Kd6 36. Bf4+ Ne5 37. Rf7 d4 38. Rxf6+ Kd5 39. Bxe5 Kxe5 40. Re6+ Kd5 41. Re1 d3 42. R6xe4 d2 43. f6 b3 44. axb3 axb3 45. f7 dxe1Q+ 46. Rxe1 b2 47. Kf2 Kc4 48. Rb1 Kc3 49. g5 Kc2 50. Rxb2+ Kxb2 51. g6 Rf8 52. Ke3 b4 53. g7 Rxf7 54. g8Q Re7+ 55. Kd3 b3 56. Qc8 Ka2 57. Qa6+ Kb1 58. Qf6 Rd7+ 59. Kc3 b2 60. Qf1+ 1-0

[Event "COL pre olympic sf1"]
[Site "Medellin"]
[Date "2016.03.26"]
[Round "8"]
[White "Sierra Mejia, Juan Pablo"]
[Black "Vittorino, Carlo Giovanni"]
[Result "1-0"]
[WhiteElo "2095"]
[BlackElo "2307"]
[PlyCount "93"]
[EventDate "2016.03.22"]
[EventType "swiss"]
[EventRounds "9"]
[EventCountry "COL"]
[SourceTitle "CBM 171 Extra"]
[Source "ChessBase"]
[SourceDate "2016.04.26"]
[SourceVersion "1"]
[SourceVersionDate "2016.04.26"]
[SourceQuality "1"]

1. d4 e6 2. Nf3 c5 3. e4 cxd4 4. Nxd4 a6 5. Nc3 Qc7 6. Bd3 Nf6 7. 0-0 d6 8. Kh1 Nbd7 9. f4 b5 10. a3 Bb7 11. Qe2 Be7 12. Bd2 g6 13. Rae1 e5 14. Nb3 0-0 15. f5 Kh8 16. Rf2 Rg8 17. Bg5 Raf8 18. Ref1 Qd8 19. Rf3 Nh5 20. Bh6 Nf4 21. Bxf4 exf4 22. Rxf4 g5 23. R4f2 Bf6 24. Rd1 Be5 25. Nd2 g4 26. g3 Nf6 27. Qe1 Re8 28. Re2 Rg5 29. Ncb1 Rxf5 30. c4 Bd4 31. cxb5 axb5 32. Nb3 Bb6 33. Nc3 Rfe5 34. Nd2 Qa8 35. Qf1 R8e6 36. Rde1 d5 37. Bxb5 d4 38. Nc4 Nxe4 39. Nxe4 Rxe4 40. Rxe4 Bxe4+ 41. Kg1 d3+ 42. Nxb6 Qa7 43. Qf2 d2 44. Rd1 Qxb6 45. Bc4 Qxf2+ 46. Kxf2 Rf6+ 47. Ke3 1-0

[Event "COL pre olympic sf1"]
[Site "Medellin"]
[Date "2016.03.26"]
[Round "7"]
[White "Vittorino, Carlo Giovanni"]
[Black "Hernandez Montes, Jhon Sebastian"]
[Result "0-1"]
[WhiteElo "2307"]
[BlackElo "1975"]
[PlyCount "73"]
[EventDate "2016.03.22"]
[EventType "swiss"]
[EventRounds "9"]
[EventCountry "COL"]
[SourceTitle "CBM 171 Extra"]
[Source "ChessBase"]
[SourceDate "2016.04.26"]
[SourceVersion "1"]
[SourceVersionDate "2016.04.26"]
[SourceQuality "1"]

1. Nf3 g6 2. c4 Bg7 3. d4 Nf6 4. Nc3 c5 5. d5 0-0 6. e4 d6 7. h3 Na6 8. Bf4 Nc7 9. Be2 a6 10. a4 a5 11. 0-0 Na6 12. Rc1 Nb4 13. Qd2 Ra6 14. Rfd1 Ne8 15. Qe3 Bh8 16. Rd2 Ng7 17. g4 Bd7 18. Bf1 f6 19. Bh6 f5 20. exf5 gxf5 21. Nh2 Qe8 22. Re1 fxg4 23. hxg4 Qg6 24. Qg5 Rf7 25. Qxg6 hxg6 26. Ne4 e5 27. dxe6 Nxe6 28. Nxd6 Rh7 29. g5 Nc2 30. Nxb7 Nxe1 31. Bh3 Nd4 32. Bxd7 Rxd7 33. Nxc5 Ndf3+ 34. Nxf3 Nxf3+ 35. Kg2 Rxd2 36. Nxa6 Ne5 37. c5 0-1

[Event "COL pre olympic sf1"]
[Site "Medellin"]
[Date "2016.03.23"]
[Round "3"]
[White "Vittorino, Carlo Giovanni"]
[Black "Martinez, Jorge Alexander"]
[Result "0-1"]
[WhiteElo "2307"]
[BlackElo "2150"]
[PlyCount "70"]
[EventDate "2016.03.22"]
[EventType "swiss"]
[EventRounds "9"]
[EventCountry "COL"]
[SourceTitle "CBM 171 Extra"]
[Source "ChessBase"]
[SourceDate "2016.04.26"]
[SourceVersion "1"]
[SourceVersionDate "2016.04.26"]
[SourceQuality "1"]

1. d4 Nf6 2. Bg5 e6 3. Nc3 d5 4. e4 dxe4 5. Nxe4 Be7 6. Bxf6 Bxf6 7. Nf3 0-0 8. Qd2 b6 9. 0-0-0 Ba6 10. Bxa6 Nxa6 11. a3 c6 12. Qe2 b5 13. Ne5 Bxe5 14. dxe5 Qa5 15. Rd3 b4 16. f4 Nc5 17. Rh3 bxa3 18. Rxa3 Qb4 19. Nxc5 Qxc5 20. Rc3 Qa5 21. Kb1 Rab8 22. Qf3 g6 23. Rd1 Rb4 24. Ra3 Qb6 25. Rb3 a5 26. Rxb4 axb4 27. b3 Ra8 28. Qe4 Qa6 29. Qd4 c5 30. Qb2 Qe2 31. Qc1 Qxg2 32. Rd2 Qe4 33. Rd3 c4 34. bxc4 Qxc4 35. Rb3 Qd4 0-1

[Event "COL pre olympic sf1"]
[Site "Medellin"]
[Date "2016.03.22"]
[Round "1"]
[White "Vittorino, Carlo Giovanni"]
[Black "Cardona, Jeyson"]
[Result "1-0"]
[WhiteElo "2307"]
[BlackElo "2024"]
[PlyCount "91"]
[EventDate "2016.03.22"]
[EventType "swiss"]
[EventRounds "9"]
[EventCountry "COL"]
[SourceTitle "CBM 171 Extra"]
[Source "ChessBase"]
[SourceDate "2016.04.26"]
[SourceVersion "1"]
[SourceVersionDate "2016.04.26"]
[SourceQuality "1"]

1. c4 e5 2. Nc3 Nf6 3. g3 d5 4. cxd5 Nxd5 5. Bg2 Nb6 6. Nf3 Nc6 7. a3 Be7 8. b4 Be6 9. 0-0 Nd4 10. Rb1 Nxf3+ 11. Bxf3 Rb8 12. d3 0-0 13. Qc2 f5 14. Be3 c6 15. Na4 Nxa4 16. Qxa4 a6 17. Rfc1 Bg5 18. Bxg5 Qxg5 19. Rc5 Qf6 20. Qc2 Rbe8 21. Rf1 Kh8 22. a4 Bd7 23. Bg2 Qd6 24. Re1 Rf6 25. a5 Rh6 26. Qc3 f4 27. e3 fxe3 28. fxe3 Bf5 29. Rf1 Rf6 30. d4 exd4 31. Qxd4 Be4 32. Bxe4 Qxd4 33. exd4 Rxe4 34. Re5 Rxf1+ 35. Kxf1 Rxe5 36. dxe5 Kg8 37. Ke2 Kf7 38. Kd3 Ke7 39. Ke4 Ke6 40. Kd4 Kf5 41. g4+ Ke6 42. h3 Kd7 43. Kc5 Ke6 44. Kd4 g5 45. Ke4 h6 46. Kd4 1-0

[Event "Medellin Navideno op"]
[Site "Medellin"]
[Date "2015.12.11"]
[Round "3"]
[White "Vittorino, Carlo Giovanni"]
[Black "Cardona, Jeyson"]
[Result "1-0"]
[WhiteElo "2301"]
[BlackElo "2033"]
[PlyCount "53"]
[EventDate "2015.12.10"]
[EventType "swiss"]
[EventRounds "7"]
[EventCountry "COL"]
[SourceTitle "CBM 169 Extra"]
[Source "ChessBase"]
[SourceDate "2015.12.18"]
[SourceVersion "1"]
[SourceVersionDate "2015.12.18"]
[SourceQuality "1"]

1. e4 e5 2. Nf3 Nc6 3. Bb5 a6 4. Ba4 Nf6 5. d4 exd4 6. 0-0 Be7 7. Re1 0-0 8. e5 Nd5 9. Nxd4 Nb6 10. Bb3 d5 11. exd6 Bxd6 12. Nxc6 bxc6 13. Qf3 Be6 14. Nc3 Qh4 15. g3 Bg4 16. Qxf7+ Rxf7 17. gxh4 Kf8 18. Bxf7 Kxf7 19. Bf4 Bf5 20. Bxd6 cxd6 21. Ne4 Rd8 22. Rad1 d5 23. Ng3 Bxc2 24. Rc1 Ba4 25. b3 Bb5 26. a4 Bd3 27. Re3 1-0

[Event "Bogota University op 9th"]
[Site "Bogota"]
[Date "2015.10.10"]
[Round "5"]
[White "Vittorino, Carlo Giovanni"]
[Black "Lopez Ramirez, Jorge Hernan"]
[Result "1-0"]
[WhiteElo "2275"]
[BlackElo "2015"]
[PlyCount "53"]
[EventDate "2015.10.08"]
[EventType "swiss"]
[EventRounds "9"]
[EventCountry "COL"]
[SourceTitle "CBM 168 Extra"]
[Source "ChessBase"]
[SourceDate "2015.10.29"]
[SourceVersion "1"]
[SourceVersionDate "2015.10.29"]
[SourceQuality "1"]

1. Nf3 c5 2. e4 Nc6 3. Bb5 g6 4. Bxc6 dxc6 5. d3 Bg7 6. h3 e5 7. Be3 Qe7 8. 0-0 Nf6 9. Qd2 0-0 10. Bh6 Nh5 11. Bxg7 Kxg7 12. Nc3 h6 13. Ne2 Be6 14. Nxe5 Bxh3 15. Qc3 f6 16. Nxg6 Kxg6 17. gxh3 Qd7 18. Qxc5 Qxh3 19. Qxh5+ Qxh5 20. Nf4+ Kg5 21. Nxh5 Kxh5 22. f4 Rg8+ 23. Kf2 Rg4 24. Kf3 Rgg8 25. f5 Rg4 26. Rh1+ Kg5 27. Rag1 1-0

[Event "Sabadell op 8th"]
[Site "Sabadell"]
[Date "2015.09.08"]
[Round "7"]
[White "Vassallo Barroche, Mauricio"]
[Black "Vittorino, Carlo Giovanni"]
[Result "0-1"]
[WhiteElo "2406"]
[BlackElo "2273"]
[PlyCount "88"]
[EventDate "2015.09.02"]
[EventType "swiss"]
[EventRounds "9"]
[EventCountry "ESP"]
[SourceTitle "EXT 2016"]
[Source "ChessBase"]
[SourceDate "2015.10.08"]
[SourceVersion "1"]
[SourceVersionDate "2015.10.08"]
[SourceQuality "1"]

1. Nf3 Nf6 2. c4 c5 3. g3 b6 4. Bg2 Bb7 5. 0-0 e6 6. b3 Be7 7. Bb2 0-0 8. e3 d6 9. Nc3 Nbd7 10. Rc1 a6 11. d4 b5 12. Qe2 bxc4 13. bxc4 Qc7 14. Rfd1 Nb6 15. d5 exd5 16. cxd5 Nfxd5 17. Nxd5 Bxd5 18. Rxd5 Nxd5 19. Nd4 Nf6 20. Bxa8 Rxa8 21. Nf5 Rb8 22. Bxf6 Bxf6 23. Qxa6 d5 24. h4 h5 25. e4 dxe4 26. Qc4 g6 27. Ne3 Bd4 28. Qxd4 cxd4 29. Rxc7 dxe3 30. Rc2 exf2+ 31. Kxf2 Ra8 32. Re2 Ra4 33. Rb2 Kg7 34. Ke3 Ra3+ 35. Kxe4 Rxg3 36. Ke5 Rg4 37. Rh2 f6+ 38. Ke6 Ra4 39. Kd5 Kh6 40. Kc5 g5 41. hxg5+ fxg5 42. Kb5 Ra3 43. Kb4 Ra8 44. a4 g4 0-1

[Event "Sabadell op 8th"]
[Site "Sabadell"]
[Date "2015.09.05"]
[Round "4"]
[White "Munoz Pantoja, Miguel Angel"]
[Black "Vittorino, Carlo Giovanni"]
[Result "1/2-1/2"]
[WhiteElo "2439"]
[BlackElo "2273"]
[PlyCount "89"]
[EventDate "2015.09.02"]
[EventType "swiss"]
[EventRounds "9"]
[EventCountry "ESP"]
[SourceTitle "EXT 2016"]
[Source "ChessBase"]
[SourceDate "2015.10.08"]
[SourceVersion "1"]
[SourceVersionDate "2015.10.08"]
[SourceQuality "1"]

1. e4 e5 2. Nf3 Nc6 3. Bc4 Bc5 4. b4 Bxb4 5. c3 Ba5 6. d4 exd4 7. 0-0 Nge7 8. Ng5 d5 9. exd5 Ne5 10. Qa4+ Bd7 11. Qxa5 Nxc4 12. Qc5 Nd6 13. Qxd4 0-0 14. c4 Nef5 15. Qd3 Qf6 16. Nc3 Qd4 17. Qxd4 Nxd4 18. Rd1 Nc2 19. Rb1 b6 20. c5 bxc5 21. Nge4 Rfe8 22. Nxc5 Bf5 23. Bf4 Na3 24. Rbc1 Nac4 25. Nb5 Nxb5 26. Rxc4 Rad8 27. h3 Nd6 28. Rcc1 Re2 29. a4 h6 30. Na6 Bc2 31. Rd2 Rxd2 32. Bxd2 Bxa4 33. Nxc7 Nb5 34. Nxb5 Bxb5 35. Rc5 a6 36. Ba5 Rd7 37. Bc7 Re7 38. d6 Re1+ 39. Kh2 Rd1 40. h4 f6 41. h5 Kf7 42. Rc3 Rd5 43. g4 a5 44. Bxa5 Be2 45. d7 1/2-1/2

[Event "Sabadell op 8th"]
[Site "Sabadell"]
[Date "2015.09.03"]
[Round "2"]
[White "Jerez Perez, Alfonso"]
[Black "Vittorino, Carlo Giovanni"]
[Result "1-0"]
[WhiteElo "2401"]
[BlackElo "2273"]
[PlyCount "69"]
[EventDate "2015.09.02"]
[EventType "swiss"]
[EventRounds "9"]
[EventCountry "ESP"]
[SourceTitle "EXT 2016"]
[Source "ChessBase"]
[SourceDate "2015.10.08"]
[SourceVersion "1"]
[SourceVersionDate "2015.10.08"]
[SourceQuality "1"]

1. e4 c5 2. c3 Nf6 3. e5 Nd5 4. Nf3 e6 5. d4 cxd4 6. cxd4 d6 7. Bc4 Be7 8. 0-0 0-0 9. Qe2 b6 10. Nbd2 Bb7 11. Ne4 dxe5 12. dxe5 Nd7 13. Bd2 Qb8 14. Ng3 Rc8 15. Rac1 Rxc4 16. Qxc4 Nxe5 17. Nxe5 Qxe5 18. b3 Rd8 19. Rfe1 Qb8 20. Rcd1 Rc8 21. Qd3 Bd6 22. Kh1 h6 23. Nh5 Be5 24. Qe2 Nc3 25. Bxc3 Bxc3 26. Qg4 Rc5 27. h4 Rxh5 28. Qxh5 Bxe1 29. Rxe1 Qf4 30. Kg1 Bd5 31. Re3 g6 32. Qe5 Qxh4 33. Rc3 g5 34. Rc8+ Kh7 35. Qf6 1-0

[Event "Barcelona Sant Marti op-A 17th"]
[Site "Barcelona"]
[Date "2015.07.20"]
[Round "8"]
[White "Shashikant, Kutwal"]
[Black "Vittorino, Carlo Giovanni"]
[Result "1/2-1/2"]
[WhiteElo "2202"]
[BlackElo "2301"]
[PlyCount "74"]
[EventDate "2015.07.13"]
[EventType "swiss"]
[EventRounds "9"]
[EventCountry "ESP"]
[SourceTitle "CBM 167 Extra"]
[Source "ChessBase"]
[SourceDate "2015.09.14"]
[SourceVersion "1"]
[SourceVersionDate "2015.09.14"]
[SourceQuality "1"]

1. e4 c5 2. Nf3 d6 3. d4 cxd4 4. Nxd4 Nf6 5. Nc3 Nc6 6. Bc4 Bd7 7. 0-0 g6 8. Nxc6 Bxc6 9. Bg5 Bg7 10. Nd5 Bxd5 11. exd5 0-0 12. Re1 Qd7 13. Qf3 Rfc8 14. Bb3 Rc7 15. Re2 h6 16. Bh4 g5 17. Bg3 Qg4 18. Qd3 Nh5 19. c3 Nxg3 20. fxg3 b5 21. Rf1 b4 22. Re4 Qh5 23. Rxb4 Qg6 24. Qe2 Be5 25. Bc2 Qg7 26. Qh5 a5 27. Re4 Rb7 28. Re2 Rab8 29. Ref2 Bf6 30. b3 Rc7 31. Rf3 Rxc3 32. Rxc3 Bxc3 33. Kh1 Rc8 34. Qg4 Rc5 35. Bd3 Be5 36. Qd7 Rc3 37. Bc4 Bf6 1/2-1/2